Талисманите на Шанара (Запис номер 6823)
[ съкратено ]
| 000 -Лидер | |
|---|---|
| Контролно поле с фиксирана дължина | 01549nam a2200349 a 4500 |
| 003 - Код на организацията, давaща контролен номер | |
| Контролно поле | BLK |
| 005 - Дата и час на последна редакция | |
| Контролно поле | 20240711134949.0 |
| 008 - Елементи от данни с фиксирана дължина | |
| fixed length control field | 180412b bul|||||r ||||||| ||bul|| |
| 010 ## - Наследен системен номер | |
| LC control number | KNG00008085000 |
| 040 ## - Източник на каталожния запис | |
| Идентификатор на билиотеката - собственик на записа | BLK |
| 041 ## - Код за език | |
| Код за езика на текст/звукозапис или на отделно заглавие | Български |
| Код за езика КДБФ | Български |
| 080 ## - УДК | |
| Текстов определител УДК | Американска литература (на САЩ) |
| УДК код - определител по УДК | 821.111(73) |
| УДК определител | -312.9 |
| УДК - код + определител | 821.111(73)-312.9 |
| 100 1# - Редна дума - Автор | |
| Автор | Брукс, Тери |
| Авторска отговорност | първи автор |
| R(LIN) | 245337 |
| 139 ## - Редно поле | |
| Редна дума | Брукс, Тери |
| Авторски знак | Бро - Б 82 |
| 245 10 - Сведения за заглавието | |
| Заглавие | Талисманите на Шанара |
| Подзаглавни данни | Фантаст. роман : T. 1 - 2 |
| Редно поле (дума) | Тери Брукс; прев. от англ. Мария Кръстева. |
| Том | T. 2 |
| 257 ## - Страна на издаване | |
| Страна на създаване/издаване | Съединени американски щати |
| 260 ## - Област на издателските данни | |
| Място на издаване, разпространение и проч. | София |
| Име на издателя, разпространителя и проч. | Атлантис |
| Година на издаване | 1995 - |
| Печатница | Враца : Полипринт |
| 300 ## - Физическа характеристика | |
| Размери/Мащаб | 20 см |
| 380 ## - Жанр | |
| Жанр | Худож. лит. |
| 500 ## - Общи забележки | |
| Забележка | Ориг. загл. The Talismans of Shannara / Terry Brooks. - Романът е кн. 4 от четирилогията Наследството на Шанара и е продълж. на Елфите на Шанара. - Офс. изд. |
| 653 ## - Ключова дума – ненормативна | |
| Ключова дума | романи |
| 653 ## - Ключова дума – ненормативна | |
| Ключова дума | фантастика |
| 700 1# - Други автори (авторска отговорност) | |
| Лично име | Кръстева, Мария |
| Дати, свързани с автора | 1957 - 2011 |
| Пълна форма на името | Георгиева, Мария Кръстева |
| 9 (RLIN) | 53160 |
| 760 1# - Описание на основната серия | |
| Редна дума на основното описание | Брукс, Тери |
| Място на издаване, издател и година | 1995 |
| Страници - том | 230 с. |
| Заглавие | T. 2 |
| 852 ## - Местоположение | |
| Форматна сигнатура | Цб 171269 |
| Фондова буква | Хранилище |
| 856 4# - Електронен адрес и достъп | |
| Електронен формат | pdf - файл |
| Път до файла /url/ | |
| Инструкция (цена за достъп) | 0.00 |
| Права за достъп | disable |
| 856 4# - Електронен адрес и достъп | |
| Електронен формат | pdf - файл |
| Път до файла /url/ | |
| Инструкция (цена за достъп) | 0.00 |
| Права за достъп | disable |
| 999 ## - СИСТЕМНИ КОНТРОЛНИ НОМЕРА | |
| Koha biblionumber | 6823 |
| Koha biblioitemnumber | 6823 |
| 942 ## - АРТИКУЛИ | |
| Вид на библиотечния материал | Книги |
| Скрит в OPAC | Не |
| Koha issues (borrowed), all copies | 2 |
| Периодичен библиозапис | Да |
| 944 ## - СЪЗДАВАНЕ И РЕДАКЦИЯ на ЗАПИСА | |
| Създаване/Редакция | Създаване |
| Дата на регистрацията/редакция | 15.01.2003 |
| Служител, извършил регистрацията/редакцията | 30560 |
| Статус, дата на статуса | Геновева Генчева |
| 944 ## - СЪЗДАВАНЕ И РЕДАКЦИЯ на ЗАПИСА | |
| Създаване/Редакция | Редакция |
| Дата на регистрацията/редакция | 26.07.2006 |
| 999 ## - СИСТЕМНИ КОНТРОЛНИ НОМЕРА | |
| Koha biblioitemnumber | 6823 |
| Код за отписване | Код за изгубен артикул | Източник на класификационната схема | Код за повреда | Коз за рестрикции | Код за отдаване | Артикулен № | Име на библиотеката - собственик | Име на библиотеката, в която се намира в момента | Статус (Текущо местоположение) | Дата на вписване в системата | Местоположение - отдел | Цена в лева | Инвентарен номер | Систематично азбучна сигнатура | Баркод | Номер на екземпляра | Цена в евро | Служебна бележка | Служебен тип на артикула |
|---|---|---|---|---|---|---|---|---|---|---|---|---|---|---|---|---|---|---|---|
| Не е изгубен | Universal Decimal Classification | Не е повреден | без рестрикции | ползва се в читалня | 11835 | Регионална библиотека "Любен Каравелов" Русе | Регионална библиотека "Любен Каравелов" Русе | Хранилище | 2001-01-01 | Хранилище | 0.86 | 614341 | Цб 171269 | 120000614341 | 1 | 0.44 | Дост: Dp Вид: Ф N: стар фонд Дата: 01.01.2001 | Книги | |
| Не е изгубен | Universal Decimal Classification | Не е повреден | без рестрикции | заемане за дома | 11836 | Регионална библиотека "Любен Каравелов" Русе | Регионална библиотека "Любен Каравелов" Русе | Заемна - подръчен фонд | 2005-11-22 | Заемна - подръчен фонд | 3.00 | 120000698268 | П 821-31/Б 82 | 120000698268 | 2 | 1.53 | Дост: Pk Вид: Ф N: 25 Дата: 22.11.2005 Дата инв: 14.02.2018 Бележки инв: П2018 | Книги | |
| Изтеглен | Не е изгубен | Universal Decimal Classification | Не е повреден | без рестрикции | заемане за дома | 11837 | Регионална библиотека "Любен Каравелов" Русе | Регионална библиотека "Любен Каравелов" Русе | Детски отдел | 2001-01-01 | Детски отдел | 0.85 | 612448 | ДХ 820/899/Б 82 | 612448 | 3 | 0.43 | Дост: Pk Вид: Ф N: стар фонд Дата: 01.01.2001 Дата инв: 07.09.2015 Бележки инв: Д2015 | Книги |
| Не е изгубен | Universal Decimal Classification | Не е повреден | без рестрикции | заемане за дома | 11838 | Регионална библиотека "Любен Каравелов" Русе | Регионална библиотека "Любен Каравелов" Русе | Заемна - подръчен фонд | 2006-07-25 | Заемна - подръчен фонд | 3.50 | 120000703743 | П 820(73)-31/Б 82 | 120000703743 | 4 | 1.79 | Дост: Pk Вид: Ф N: 34 Дата: 19.07.2006 Дата инв: 07.09.2015 Бележки инв: Д2015 | Книги |